Online katalóg knižníc regiónu Turca

Ako v rozprávke (Record no. 22184)

MARC details
000 -LEADER
fixed length control field 01355cam a2200385 4500
001 - CONTROL NUMBER
control field 22184
003 - CONTROL NUMBER IDENTIFIER
control field VRT
005 - DATE AND TIME OF LATEST TRANSACTION
control field 20260321120740.0
008 - FIXED-LENGTH DATA ELEMENTS--GENERAL INFORMATION
fixed length control field 191211s2019 xo gr 000 f slo
015 ## - NATIONAL BIBLIOGRAPHY NUMBER
National bibliography number SNBA2022/12
020 ## - INTERNATIONAL STANDARD BOOK NUMBER
International Standard Book Number 9788055169736
Qualifying information (viazané)
039 #9 - LEVEL OF BIBLIOGRAPHIC CONTROL AND CODING DETAIL [OBSOLETE]
Level of rules in bibliographic description 202212210806
Level of effort used to assign nonsubject heading access points msnk24
Level of effort used to assign subject headings 202208151216
Level of effort used to assign classification AUTHORITY
Level of effort used to assign subject headings 202208151200
Level of effort used to assign classification AUTHORITY
Level of effort used to assign subject headings 202001080952
Level of effort used to assign classification msnk03
040 ## - CATALOGING SOURCE
Original cataloging agency SKPK
Language of cataloging slo
Transcribing agency SKPK
Modifying agency SNK
Description conventions rda
041 1# - LANGUAGE CODE
Language code of text/sound track or separate title slo
Language code of original eng
044 ## - COUNTRY OF PUBLISHING/PRODUCING ENTITY CODE
MARC country code xo
ISO country code SK
072 #7 - SUBJECT CATEGORY CODE
Subject category code 821.111(73)-3
Subject category code subdivision Americká próza
Source konspekt
080 ## - UNIVERSAL DECIMAL CLASSIFICATION NUMBER
Universal Decimal Classification number 821.111(73)-31
Edition identifier 2011
100 1# - MAIN ENTRY--PERSONAL NAME
Personal name Steel, Danielle,
Dates associated with a name 1947-
Relationship aut
240 10 - UNIFORM TITLE
Uniform title Fairytale
Language of a work Slovensky
245 10 - TITLE STATEMENT
Title Ako v rozprávke
Statement of responsibility, etc. Danielle Steel ; preložila Zuzana Gašparovičová
264 #1 - PRODUCTION, PUBLICATION, DISTRIBUTION, MANUFACTURE, AND COPYRIGHT NOTICE
Place of production, publication, distribution, manufacture Bratislava
Name of producer, publisher, distributor, manufacturer Ikar
Date of production, publication, distribution, manufacture, or copyright notice 2019
300 ## - PHYSICAL DESCRIPTION
Extent 235 strán
Dimensions 21 cm
336 ## - CONTENT TYPE
Content type term text
Content type code txt
Source rdacontent
337 ## - MEDIA TYPE
Media type term bez média
Media type code n
Source rdamedia
338 ## - CARRIER TYPE
Carrier type term zväzok
Carrier type code nc
Source rdacarrier
500 ## - GENERAL NOTE
General note Preložené z angličtiny
655 #7 - INDEX TERM--GENRE/FORM
Genre/form data or focus term americké romány
Source of term SNKPH
700 1# - ADDED ENTRY--PERSONAL NAME
Personal name Gašparovičová, Zuzana
Relationship trl
942 ## - ADDED ENTRY ELEMENTS (KOHA)
Source of classification or shelving scheme Dewey Decimal Classification
Koha item type Krásna literatúra pre dospelých
Suppress in OPAC No
949 ## - LOCAL PROCESSING INFORMATION (OCLC)
6 273K0652555
a svkpoA 244430
b svkpo643117
949 ## - LOCAL PROCESSING INFORMATION (OCLC)
6 270001000640671
a svkbbA 159724
b svkbbm 788257
949 ## - LOCAL PROCESSING INFORMATION (OCLC)
6 17A1413216
a snkSC 187319
b snk2020/158
o 2656/19
949 ## - LOCAL PROCESSING INFORMATION (OCLC)
6 17A1413217
a snkSC 187319 D1
b snk2020/159
o 2656/19
949 ## - LOCAL PROCESSING INFORMATION (OCLC)
6 2889353641
a savukPV 29506
b savuk2020/99
Holdings
Stav vyradenia Strata Poškodenie Spôsob nadobudnutia Domovská knižnica Aktuálna knižnica Dátum nadobudnutia Total checkouts Čiarový kód exemplára Date last seen Typ exemplára
      Dar Obecná knižnica Horná Štubňa Obecná knižnica Horná Štubňa 21.03.2026   9788055169736 21.03.2026 Krásna literatúra pre dospelých
Projekt je podporený Slovenskou asociáciou knižníc
Prevádzkuje Turčianska knižnica Martin 2026